Nitra-Šindolka Siedlung aus der Latenezeit : Katalog

Bibliographic Details
Other Authors: Březinová, Gertrúda, 1954- (Translator)
Format: Book
Language:German
Published: Bratislava Veda 2000
Series:Archaeologica Slovaca Monographiae. Catalogi Instituti Archaeologici Nitriensis Academiae Scientiarum Slovacae
Subjects:

MARC

LEADER 00000nam a2200000 a 4500
001 vtls001415192
003 SK-MaSNL
005 20260331204611.0
008 251113s2000 xo ap r 0yy ger
015 |a SNBA2002/03-00961 
020 |a 802240649X 
035 |a SNK000369926 
035 |a urn:nbn:sk:snk-amyhap 
035 |a urn:nbn:sk:snk-am00cl9j 
035 |a 4D9CAFB1-1574-4DCB-B827-5BA178C3BC4B 
040 |a SNK  |b slo  |c SNK  |e AACR2 
041 0 |a ger 
044 |a xo  |c SK 
080 |a 902(437.622-22)=30  |2 1981 
100 1 |a Březinová, Gertrúda,  |d 1954-  |4 trl  |9 9984 
245 1 |a Nitra-Šindolka  |b Siedlung aus der Latenezeit : Katalog  |c Gertrúda Březinová ; [deutsche Übersetzung: Berta Nieburová, Gertrúda Březinová] 
260 |a Bratislava  |b Veda  |c 2000 
300 |a 344 s.  |b sch., tab.  |c 30 cm 
490 1 |a Archaeologica Slovaca Monographiae. Catalogi Instituti Archaeologici Nitriensis Academiae Scientiarum Slovacae  |v t. 8 
500 |a Vyd. Archäologisches Institut der Slowakischen Akademie der Wissenschaften, Nitra 
504 |a Bibliogr. s. 18-19. Res. slov. 
650 0 7 |a nálezy archeologické  |z Nitra-Šindlovka (Slovensko)  |x štúdie  |x katalógy  |2 SNK  |9 687670 
655 7 |a príručky  |2 SNK  |9 74364 
710 0 |a Slovenská akadémia vied.  |b Archeologický ústav  |4 pbl  |9 193574 
830 0 |a Archaeologica Slovaca Monographiae. Catalogi Instituti Archaeologici Nitriensis Academiae Scientiarum Slovacae  |9 687671 
919 |a 80-224-0649-X 
958 |a TL 
958 |a NB 
958 |a DE 
958 |a OP 
958 |a NS 
968 |b SLO 
999 |c 1069509  |d 1071439 
952 |t P60, <04>, [BOOK], {604}  |a SNK  |b SNK  |y VYP  |7 0  |p 17A0305986  |o snkSB 63474 D1  |i snkKSP 7404/2001  |0 0  |1 0  |4 0  |d 2001-06-18  |l 0  |r 2005-01-02 00:00:00  |w 2026-02-24 
952 |t P60, <03>, [BOOK], {603}  |a SNK  |b SNK  |y PREZ  |7 0  |p 17A0305985  |o snkSB 63474  |i snkKSP 7403/2001  |0 0  |1 0  |4 0  |d 2001-06-18  |f 1  |l 0  |r 2025-04-15 00:00:00  |w 2026-02-24